| 000 | 01564nam a2200457 c 4500 | ||
|---|---|---|---|
| 001 | 47827 | ||
| 003 | ES-MaCES | ||
| 005 | 20180131142522.0 | ||
| 007 | cr ||||||||||| | ||
| 008 | 160624s2016 sz |||||r i||| ||eng | ||
| 020 | _a9789221303879 | ||
| 020 | _a9789221303886 (web pdf) | ||
| 020 | _a9789221303893(epub) | ||
| 020 | _a9789221303899(kindle) | ||
| 040 |
_aES-MaCES _bspa _cES-MaCES |
||
| 245 | 0 | 0 |
_aWorld employment social outlook 2016 _hRecurso electrónico _b: transforming jobs to end poverty _cInternational Labour Office |
| 250 | _a1st ed | ||
| 260 |
_aGeneva _bILO _c2016 |
||
| 300 |
_a1 documento pdf _bgráf., mapas col. _c(4,30 mb) |
||
| 504 | _aBibliografía: p. 93-95 | ||
| 541 | _cGratuito | ||
| 650 | 4 |
_aempleo _928299 |
|
| 650 | 4 |
_apolítica de empleo _928300 |
|
| 650 | 4 |
_apolítica laboral _928290 |
|
| 650 | 4 |
_afomento del empleo _930270 |
|
| 650 | 4 |
_apobreza _927112 |
|
| 650 | 4 |
_alucha contra la pobreza _930648 |
|
| 650 | 4 |
_abajos ingresos _929048 |
|
| 650 | 4 |
_asalario bajo _930448 |
|
| 650 | 4 |
_apaís desarrollado _927091 |
|
| 650 | 4 |
_apaís en desarrollo _927092 |
|
| 650 | 4 |
_a2016 _932000 |
|
| 650 | 4 |
_acuadros estadísticos _928890 |
|
| 653 | 1 | 0 | _aEmpleo |
| 710 | 2 |
_94718 _aOrganización Internacional del Trabajo |
|
| 787 | 0 |
_tWorld employment social outlook 2016 _w(ES-MaCES)47039 |
|
| 787 | 0 |
_tWorld employment social outlook 2015 _w(ES-MaCES)46217 |
|
| 856 | 4 |
_uhttp://biblioteca.ces.es/repintra/B47827.pdf _ytexto completo _z[intranet] |
|
| 902 | _aELE PUB. ELECTRONICA | ||
| 942 |
_2CES _cBK _h2.1. |
||
| 999 |
_c47827 _d47827 |
||